000 004770000a22001810004500
041 0 _aSPA
082 0 4 _aG 335.4 M4986c
100 1 _aMehring, Franz (1846-1919)
245 1 0 _aCarlos Marx : Historia de su vida / Franz Mehring ; W. Roces, Traductor
250 _a2
260 _aMéxico : Grijalbo
300 _a558 Pág.
001 14323
942 _cBK
999 _c43205
_d43205
336 _atexto
_btxt
_2rdacontent
337 _2rdamedia
_asin mediación
_bn
338 _2rdacarrier
_avolumen
_bnc